000
00227nam a22000977a 4500
999
_c
16108
_d
16108
003
OSt
008
191106b ||||| |||| 00| 0 eng d
100
_a
Gilchrst,R N.
_9
4548
245
_a
Principles of Political Science
942
_c
BK